| 000 | 00380cam a2200157ua 4500 | ||
|---|---|---|---|
| 041 |
_aeng _h |
||
| 082 |
_a630 _bCOU/PL |
||
| 100 | _aCourtenay, P.P . | ||
| 245 |
_aPlantation agriculture / _cP.P.Courtenay. _hTextual Documents |
||
| 250 |
_a1 / _b. |
||
| 260 |
_aLondon : _bG.Bell & sons Ltd , _c1965. |
||
| 300 | _a208 ; . | ||
| 504 | _a | ||
| 942 | _cBK | ||
| 999 |
_c2336 _d2336 |
||